<?xml version="1.0" encoding="UTF-8"?><?xml-stylesheet type="text/xsl" href="static/style.xsl"?><OAI-PMH xmlns="http://www.openarchives.org/OAI/2.0/" xmlns:xsi="http://www.w3.org/2001/XMLSchema-instance" xsi:schemaLocation="http://www.openarchives.org/OAI/2.0/ http://www.openarchives.org/OAI/2.0/OAI-PMH.xsd"><responseDate>2026-04-13T14:24:07Z</responseDate><request verb="GetRecord" identifier="oai:www.recercat.cat:11351/13508" metadataPrefix="marc">https://recercat.cat/oai/request</request><GetRecord><record><header><identifier>oai:recercat.cat:11351/13508</identifier><datestamp>2025-10-24T02:03:27Z</datestamp><setSpec>com_2072_378070</setSpec><setSpec>com_2072_378040</setSpec><setSpec>col_2072_378092</setSpec></header><metadata><record xmlns="http://www.loc.gov/MARC21/slim" xmlns:dcterms="http://purl.org/dc/terms/" xmlns:xsi="http://www.w3.org/2001/XMLSchema-instance" xmlns:doc="http://www.lyncode.com/xoai" xsi:schemaLocation="http://www.loc.gov/MARC21/slim http://www.loc.gov/standards/marcxml/schema/MARC21slim.xsd">
   <leader>00925njm 22002777a 4500</leader>
   <datafield ind2=" " ind1=" " tag="042">
      <subfield code="a">dc</subfield>
   </datafield>
   <datafield ind2=" " ind1=" " tag="720">
      <subfield code="a">Vallieres, Eric</subfield>
      <subfield code="e">author</subfield>
   </datafield>
   <datafield ind2=" " ind1=" " tag="720">
      <subfield code="a">Vynnychenko, Ihor O.</subfield>
      <subfield code="e">author</subfield>
   </datafield>
   <datafield ind2=" " ind1=" " tag="720">
      <subfield code="a">altorki, nasser</subfield>
      <subfield code="e">author</subfield>
   </datafield>
   <datafield ind2=" " ind1=" " tag="720">
      <subfield code="a">Zhou, Caicun</subfield>
      <subfield code="e">author</subfield>
   </datafield>
   <datafield ind2=" " ind1=" " tag="720">
      <subfield code="a">Csoszi, Tibor</subfield>
      <subfield code="e">author</subfield>
   </datafield>
   <datafield ind2=" " ind1=" " tag="720">
      <subfield code="a">FELIP, ENRIQUETA</subfield>
      <subfield code="e">author</subfield>
   </datafield>
   <datafield ind2=" " ind1=" " tag="720">
      <subfield code="a">MARTINEZ-MARTI, ALEX</subfield>
      <subfield code="e">author</subfield>
   </datafield>
   <datafield ind2=" " ind1=" " tag="260">
      <subfield code="c">2025-08-11T06:12:04Z</subfield>
   </datafield>
   <datafield ind2=" " ind1=" " tag="260">
      <subfield code="c">2025-08-11T06:12:04Z</subfield>
   </datafield>
   <datafield ind2=" " ind1=" " tag="260">
      <subfield code="c">2025-07-20</subfield>
   </datafield>
   <datafield ind2=" " ind1=" " tag="520">
      <subfield code="a">Survival; Atezolizumab; Non-small cell lung cancer</subfield>
   </datafield>
   <datafield ind2=" " ind1=" " tag="520">
      <subfield code="a">Supervivencia; Atezolizumab; Cáncer de pulmón de células no pequeñas</subfield>
   </datafield>
   <datafield ind2=" " ind1=" " tag="520">
      <subfield code="a">Supervivència; Atezolizumab; Càncer de pulmó de cèl·lules no petites</subfield>
   </datafield>
   <datafield ind2=" " ind1=" " tag="520">
      <subfield code="a">IMpower010 (ClinicalTrials.gov identifier: NCT02486718) previously showed that atezolizumab improved disease-free survival (DFS) versus best supportive care (BSC) after adjuvant chemotherapy in patients with resected non–small cell lung cancer (NSCLC). We report DFS final analysis, second overall survival (OS) interim analysis, and safety with a ≥5-year follow-up. Patients with completely resected stage IB-IIIA NSCLC were randomly assigned to atezolizumab (1,200 mg once every 3 weeks, 16 cycles) or BSC after platinum-based chemotherapy. At clinical cutoff (January 26, 2024), stratified hazard ratios (HRs; 95% CI) for DFS were 0.85 (95% CI, 0.71 to 1.01; P = .07) in the intention-to-treat (n = 1,005), 0.83 (95% CI, 0.69 to 1.00) in the all-randomized stage II-IIIA (n = 882), and 0.70 (95% CI, 0.55 to 0.91) in stage II-IIIA PD-L1 tumor cell (TC) ≥1% (n = 476) populations. Stratified HRs (95% CI) for OS were 0.97 (95% CI, 0.78 to 1.22), 0.94 (95% CI, 0.75 to 1.19), and 0.77 (95% CI, 0.56 to 1.06), respectively. The unstratified HRs (95% CI) in the stage II-IIIA PD-L1 TC ≥50% population (n = 229) were 0.48 (95% CI, 0.32 to 0.72) for DFS and 0.47 (95% CI, 0.28 to 0.77) for OS, and the unstratified HRs in the stage II-IIIA PD-L1 TC ≥50% without EGFR/ALK alterations (n = 209) population were 0.49 (95% CI, 0.32 to 0.75) and 0.44 (95% CI, 0.26 to 0.74). No new safety signals were reported. IMpower010 is the first study to report survival outcomes with a ≥5-year follow-up and continued to show benefit with atezolizumab versus BSC after adjuvant chemotherapy in patients with resected stage II-IIIA PD-L1–selected NSCLC.</subfield>
   </datafield>
   <datafield tag="653" ind2=" " ind1=" ">
      <subfield code="a">Quimioteràpia combinada</subfield>
   </datafield>
   <datafield tag="653" ind2=" " ind1=" ">
      <subfield code="a">Pulmons - Càncer - Tractament</subfield>
   </datafield>
   <datafield tag="653" ind2=" " ind1=" ">
      <subfield code="a">Avaluació de resultats (Assistència sanitària)</subfield>
   </datafield>
   <datafield tag="653" ind2=" " ind1=" ">
      <subfield code="a">DISEASES::Neoplasms::Neoplasms by Site::Thoracic Neoplasms::Respiratory Tract Neoplasms::Lung Neoplasms::Bronchial Neoplasms::Carcinoma, Bronchogenic::Carcinoma, Non-Small-Cell Lung</subfield>
   </datafield>
   <datafield tag="653" ind2=" " ind1=" ">
      <subfield code="a">Other subheadings::Other subheadings::Other subheadings::/drug therapy</subfield>
   </datafield>
   <datafield tag="653" ind2=" " ind1=" ">
      <subfield code="a">ANALYTICAL, DIAGNOSTIC AND THERAPEUTIC TECHNIQUES, AND EQUIPMENT::Therapeutics::Therapeutics::Drug Therapy::Antineoplastic Protocols::Therapeutics::Drug Therapy::Antineoplastic Combined Chemotherapy Protocols</subfield>
   </datafield>
   <datafield tag="653" ind2=" " ind1=" ">
      <subfield code="a">ANALYTICAL, DIAGNOSTIC AND THERAPEUTIC TECHNIQUES, AND EQUIPMENT::Diagnosis::Prognosis::Treatment Outcome</subfield>
   </datafield>
   <datafield tag="653" ind2=" " ind1=" ">
      <subfield code="a">ENFERMEDADES::neoplasias::neoplasias por localización::neoplasias torácicas::neoplasias del tracto respiratorio::neoplasias pulmonares::neoplasias de los bronquios::carcinoma broncogénico::carcinoma de pulmón de células no pequeñas</subfield>
   </datafield>
   <datafield tag="653" ind2=" " ind1=" ">
      <subfield code="a">Otros calificadores::Otros calificadores::Otros calificadores::/farmacoterapia</subfield>
   </datafield>
   <datafield tag="653" ind2=" " ind1=" ">
      <subfield code="a">TÉCNICAS Y EQUIPOS ANALÍTICOS, DIAGNÓSTICOS Y TERAPÉUTICOS::terapéutica::terapéutica::farmacoterapia::protocolos antineoplásicos::terapéutica::farmacoterapia::protocolos de quimioterapia antineoplásica combinada</subfield>
   </datafield>
   <datafield tag="653" ind2=" " ind1=" ">
      <subfield code="a">TÉCNICAS Y EQUIPOS ANALÍTICOS, DIAGNÓSTICOS Y TERAPÉUTICOS::diagnóstico::pronóstico::resultado del tratamiento</subfield>
   </datafield>
   <datafield ind2="0" ind1="0" tag="245">
      <subfield code="a">Five-Year Survival Outcomes With Atezolizumab After Chemotherapy in Resected Stage IB-IIIA Non–Small Cell Lung Cancer (IMpower010): An Open-Label, Randomized, Phase III Trial</subfield>
   </datafield>
</record></metadata></record></GetRecord></OAI-PMH>